Temps géologique du Mésozoique - Statistiques

Statistiques générales
  • Ce quiz a été pris 39 fois
    22 depuis la dernière actualisation
  • Le résultat moyen est 29 sur 39
Statistiques - réponses
Réponse % Correct
Mésozoïque
100%
Maastrichtien
91%
Oxfordien
91%
Phanérozoïque
91%
Aalénien
82%
Albien
82%
Anisien
82%
Aptien
82%
Bajocien
82%
Bathonien
82%
Berriasien
82%
Callovien
82%
Campanien
82%
Carnien
82%
Cénomanien
82%
Coniacien
82%
Hauterivien
82%
Hettangien
82%
Indusien
82%
Kimméridgien
82%
Ladinien
82%
Norien
82%
Olénékien
82%
Pliensbachien
82%
Rhétien
82%
Santonien
82%
Sinémurien
82%
Tithonien
82%
Toarcien
82%
Turonien
82%
Barrémien
73%
Crétacé
73%
Jurassique
73%
Trias
73%
Valanginien
73%
201
18%
252
18%
143
9%
66
9%
Aucun quiz correspondant
Distribution des résultats
% des personnes avec chaque résultat
Percentile par nombre de réponses
Votre historique - résultats
Vous n’avez pas pris ce quiz depuis la dernière actualisation